[Event "Tourn. n9040"]
[Site "www.chess-mail.com"]
[Date "2016.12.23"]
[Round "1"]
[White "Jjmcbride"]
[Black "Redapond1"]
[WhiteElo "1430"]
[BlackElo "1499"]
[Result "1-0"]
[Round "1"]
1.e4 b6
2.d4 Bc8b7
3.d5 c6
4.c4 cxd5
5.cxd5 Ng8f6
6.Nb1c3 e6
7.e5 Nf6g4
8.Qd1xg4 Qd8c7
9.d6 Qc7c5
10.Qg4g3 Nb8c6
11.Ng1f3 g6
12.Qg3f4 Nc6b4
13.Nf3d4 Nb4c2
14.Nd4xc2 O-O-O
15.Bc1e3 Qc5c6
16.Nc2b4 Qc6xc3
17.bxc3 Bf8g7
18.Qf4c4 Kb8
19.Nb4a6 Bb7xa6
20.Qc4c7 Ka8
21.Bf1xa6 Rd8b8
22.Qc7xd7 Bg7xe5
23.O-O Rh8d8
24.Qd7c6 { resign }
1-0

[Event "Tourn. n9022"]
[Site "www.chess-mail.com"]
[Date "2016.12.23"]
[Round "1"]
[White "Tartan"]
[Black "Drawlward"]
[WhiteElo "2460"]
[BlackElo "2490"]
[Result "0-1"]
[Round "1"]
1.d4 Ng8f6
2.Ng1f3 d5
3.e3 Bc8g4
4.c4 e6
5.Qd1b3 Bg4xf3
6.gxf3 c5
7.Qb3xb7 Nb8d7
8.Nb1c3 dxc4
9.Bf1xc4 cxd4
10.exd4 Bf8d6
11.Rh1g1 O-O
12.Bc1h6 Nf6h5
13.Qb7b5 Nd7f6
14.Nc3e2 Kh8
15.Bh6d2 Ra8b8
16.Qb5a4 Rb8xb2
17.Qa4xa7 Nf6d5
18.Bd2c1 Bd6b4
19.Kf1 Rb2xe2
20.Kxe2 Nh5f4
21.Bc1xf4 Nd5xf4
22.Ke3 e5
23.a3 exd4
24.Kxf4 Qd8h4
25.Rg1g4 Bb4d2
26.Ke4 Qh4xf2
27.Ke5 Qf2xh2
28.Kf5 g6
29.Ke4 Rf8e8
{ resign }
0-1

[Event "Tourn. n9109"]
[Site "www.chess-mail.com"]
[Date "2016.12.23"]
[Round "1"]
[White "Cal"]
[Black "Gatrooper"]
[WhiteElo "1530"]
[BlackElo "1480"]
[Result "1-0"]
[Round "1"]
1.Ng1f3 Nb8c6
2.d4 d5
3.e3 Ng8f6
4.h3 Nf6e4
5.Bf1b5 Bc8d7
6.a3 a6
7.Bb5xc6 Bd7xc6
8.O-O  { time }
1-0

[Event "Tourn. n9111"]
[Site "www.chess-mail.com"]
[Date "2016.12.23"]
[Round "1"]
[White "Norlavuaram"]
[Black "Estonia"]
[WhiteElo "2180"]
[BlackElo "2070"]
[Result "0-1"]
[Round "1"]
1.e4 e5
2.Ng1f3 Nb8c6
3.Bf1b5 a6
4.Bb5a4 Ng8f6
5.O-O b5
6.Ba4b3 Bf8e7
7.Rf1e1 O-O
8.c3 Bc8b7
9.d4 d6
10.Nb1d2 Nc6a5
11.Bb3c2 exd4
12.cxd4 c5
13.e5 Nf6d5
14.exd6 Be7xd6
15.Nd2e4 c4
16.Nf3e5 Bd6xe5
17.dxe5 Nd5b4
18.Bc2b1 Bb7xe4
19.Bb1xe4 Ra8a7
20.Qd1h5 g6
21.Qh5h6 Rf8e8
22.Bc1g5 Re8e7
23.Ra1d1 Nb4d3
24.Be4xd3 cxd3
25.Rd1xd3 Qd8f8
26.Qh6xf8 Kxf8
27.Bg5xe7 Kxe7
28.b3 Ra7d7
29.Rd3xd7 Kxd7
30.f4 Ke6
31.g4 f5
32.h3 h5
33.gxh5 gxh5
34.Re1d1 Na5b7
35.Kf2 h4
36.Rd1g1 Nb7c5
37.Rg1g6 Ke7
38.Rg6c6 Nc5d3
39.Ke3 Nd3b4
40.Rc6b6 Nb4d5
{ resign }
0-1

[Event "Tourn. n9099"]
[Site "www.chess-mail.com"]
[Date "2016.12.23"]
[Round "1"]
[White "Pachi"]
[Black "Gatrooper"]
[WhiteElo "1490"]
[BlackElo "1480"]
[Result "1-0"]
[Round "1"]
1.e4 e5
2.Ng1f3 Nb8c6
3.b3 Ng8f6
4.Bc1b2 d6
5.d4 exd4
6.Bb2xd4 Nf6xe4
7.Bf1b5 a6
8.Bb5xc6  { time }
1-0

[Event "Tourn. n9045"]
[Site "www.chess-mail.com"]
[Date "2016.12.23"]
[Round "1"]
[White "Paaliaq"]
[Black "Krystek23"]
[WhiteElo "2660"]
[BlackElo "2330"]
[Result "1-0"]
[Round "1"]
1.e4 c5
2.Ng1f3 e6
3.Nb1c3 Nb8c6
4.d4 cxd4
5.Nf3xd4 Qd8c7
6.f4 a6
7.Bf1e2 Qc7b6
8.Nd4b3 d6
9.Be2f3 Ng8f6
10.Qd1e2 Bf8e7
11.Bc1e3 Qb6c7
12.a3 Nf6d7
13.h4 b5
14.g4 Nd7c5
15.Nb3xc5 dxc5
16.e5 Bc8b7
17.O-O-O O-O
18.Kb1 b4
19.axb4 cxb4
20.Nc3a4 b3
21.Rd1c1 Nc6b4
22.cxb3 Bb7xf3
23.Qe2xf3 Qc7a5
24.Be3c5 Be7xc5
25.Rc1xc5 Qa5d8
26.g5 Qd8d2
27.Rh1d1 Qd2h2
28.Rc5c4 a5
29.Na4b6 Ra8d8
30.Nb6d7 Rf8e8
31.h5 Nb4d5
32.Nd7c5 Nd5b4
33.Rd1h1 Qh2d2
34.Nc5e4 Qd2d3
35.Qf3xd3 Nb4xd3
36.h6 Re8f8
37.hxg7 Kxg7
38.Ne4d6 Kg8
39.Rh1h4 Kg7
40.Rc4c3 Nd3b4
41.Rc3h3 Rf8h8
42.Rh4h6 Kg8
43.f5 Nb4c6
44.fxe6 fxe6
45.Rh6xe6 Nc6xe5
46.Nd6f5 Ne5f7
47.Re6a6 Rd8e8
48.Rh3c3 Re8d8
49.Rc3c7 a4
50.bxa4 Nf7xg5
51.Rc7g7 { resign }
1-0

[Event "Tourn. n9083"]
[Site "www.chess-mail.com"]
[Date "2016.12.23"]
[Round "1"]
[White "Francesco"]
[Black "Snickers"]
[WhiteElo "1970"]
[BlackElo "1880"]
[Result "1-0"]
[Round "1"]
1.e4 e6
2.d4 d5
3.exd5 exd5
4.Bf1d3 Nb8c6
5.c3 Ng8f6
6.Bc1g5 Bf8e7
7.Nb1d2 O-O
8.Qd1c2 h6
9.Bg5h4 Rf8e8
10.Ng1f3 Bc8g4
11.O-O Bg4xf3
12.Nd2xf3  { time }
1-0

[Event "Match"]
[Site "www.echecsemail.com"]
[Date "2016.12.23"]
[Round "1"]
[White "Jobeye"]
[Black "Guidom"]
[WhiteElo "2010"]
[BlackElo "2190"]
[Result "1/2-1/2"]
[Round "1"]
1.d3 d5
2.c4 dxc4
3.Qd1a4 Bc8d7
4.Qa4xc4 Ng8f6
5.Bc1f4 c6
6.Nb1c3 e6
7.g3 Bf8e7
8.Bf1g2 O-O
9.Nc3e4 Nf6d5
10.Ne4d2 Be7f6
11.d4 Qd8e7
12.Nd2e4 Nd5xf4
13.gxf4 Rf8d8
14.Ne4c5 Bd7e8
15.Ng1f3 b6
16.Nc5d3 Qe7d6
17.e3 Nb8d7
18.e4 b5
19.Qc4c2 Qd6b8
20.Qc2xc6 Nd7e5
21.Qc6c3 Ne5xd3
22.Qc3xd3 Qb8xf4
23.e5 Bf6xe5
24.Nf3xe5 Ra8c8
25.O-O Qf4xe5
26.Qd3xh7 Kxh7
27.dxe5 Rd8d2
28.b3 { draw }
1/2-1/2

[Event "Match"]
[Site "www.echecsemail.com"]
[Date "2016.12.23"]
[Round "1"]
[White "Jobeye"]
[Black "Hundegana"]
[WhiteElo "1809"]
[BlackElo "2050"]
[Result "0-1"]
[Round "1"]
1.e4 c5
2.Ng1f3 d6
3.Bf1c4 e6
4.c3 Ng8e7
5.d4 Qd8c7
6.d5 e5
7.Nf3g5 h6
8.Ng5f3 Nb8d7
9.Nf3d2 Ne7g6
10.g3 Nd7f6
11.Bc4e2 Bc8h3
12.Be2f1 Qc7d7
13.Bf1xh3 Qd7xh3
14.Qd1f3 Bf8e7
15.c4 Nf6h7
16.Nb1c3 a6
17.Nc3e2 Nh7g5
18.Qf3b3 Ra8b8
19.Qb3a4 Kf8
20.f4 exf4
21.gxf4 Ng5f3
22.Nd2xf3 Qh3xf3
23.Rh1f1 Qf3xe4
24.f5 Be7h4
25.Kd1 Qe4d3
26.Bc1d2 Ng6e5
27.Rf1f4 Bh4g5
28.Qa4c2 Qd3xc2
29.Kxc2 Bg5xf4
30.Bd2xf4 Ke7
31.h3 Ne5xc4
32.b3 Nc4b6
33.Ne2g3 Nb6xd5
34.Ra1e1 Kd7
35.Ng3e4 Nd5xf4
{ resign }
0-1

[Event "Match"]
[Site "www.echecsemail.com"]
[Date "2016.12.23"]
[Round "1"]
[White "Pare123"]
[Black "Jobeye"]
[WhiteElo "2070"]
[BlackElo "2379"]
[Result "1-0"]
[Round "1"]
1.c4 g6
2.d4 c5
3.Ng1f3 Bf8g7
4.dxc5 Qd8a5
5.Qd1d2 Qa5xc5
6.e3 Nb8c6
7.Nb1c3 d6
8.a3 a5
9.Bf1e2 Nc6e5
10.Nf3xe5 Bg7xe5
11.O-O Ra8a6
12.Ra1b1 Bc8e6
13.b4 axb4
14.axb4 Qc5c8
15.c5 Ra6c6
16.Be2b5 dxc5
17.Bb5xc6 Qc8xc6
18.bxc5 Qc6xc5
19.Nc3a4 Qc5a7
20.Qd2b4 Be6d5
21.Qb4b5 Bd5c6
22.Qb5xe5 f6
23.Qe5c7 Qa7xa4
24.Bc1d2 Kf7
25.Rb1a1 Qa4c2
26.Qc7d8 b5
27.Ra1c1 Qc2e4
28.f3 Qe4e6
29.Rf1e1 Kg7
30.e4 Ng8h6
31.Bd2xh6 { resign }
1-0

[Event "Match"]
[Site "www.echecsemail.com"]
[Date "2016.12.23"]
[Round "1"]
[White "Irene"]
[Black "Liencam2"]
[WhiteElo "2010"]
[BlackElo "2320"]
[Result "0-1"]
[Round "1"]
1.d4 Ng8f6
2.Nb1c3 g6
3.e4 c5
4.d5 d6
5.Ng1f3 Bf8g7
6.Nc3e2 b5
7.Ne2g3 a6
8.c3 Nb8d7
9.c4 Qd8b6
10.Ra1b1 O-O
11.b3 bxc4
12.Bf1xc4 a5
13.Bc1d2 Bc8a6
14.O-O Rf8b8
15.Qd1e1 a4
16.Bc4xa6 Qb6xa6
17.b4 Rb8b5
18.a3 Ra8b8
19.Ng3e2 cxb4
20.Bd2xb4 Nd7c5
21.Nf3d4 Nc5b3
22.Nd4xb5 Qa6xb5
23.Ne2c1 Nb3c5
24.f3 Nf6d7
25.Nc1a2 Nc5b3
26.Rf1f2 Bg7d4
27.Bb4c3 Bd4xf2
28.Qe1xf2 Rb8c8
29.Qf2h4 Rc8xc3
30.Na2xc3 Qb5d3
31.Qh4e1 Nd7c5
32.Rb1d1 Qd3c4
33.Qe1f1 Qc4xc3
34.Qf1b5 Nb3d4
35.Qb5e8 Kg7
36.Qe8xe7 Qc3e3
37.Kh1 Nd4xf3
38.Rd1f1 Qe3e2
39.Rf1b1 Nf3e1
40.Qe7xd6 Qe2xg2
{ resign }
0-1

[Event "Match"]
[Site "www.echecsemail.com"]
[Date "2016.12.23"]
[Round "1"]
[White "Emmanuel69"]
[Black "Actmy"]
[WhiteElo "1880"]
[BlackElo "1499"]
[Result "0-1"]
[Round "1"]
1.c4 e5
2.Nb1c3 f5
3.d3 Ng8f6
4.a3 a5
5.g3 g6
6.Bf1g2 Bf8g7
7.Ng1f3 d6
8.e3 O-O
9.O-O c6
10.Rf1e1 h6
11.h3 Bc8e6
12.Nf3h4 Qd8e8
13.b3 Nb8d7
14.Bc1b2 Qe8f7
15.b4 axb4
16.axb4 g5
17.Nh4f3 Ra8xa1
18.Qd1xa1 Nf6e8
19.Qa1a7 e4
20.dxe4 fxe4
21.Nc3xe4 Bg7xb2
22.Qa7xb7 d5
23.Ne4d2 dxc4
24.Qb7xc6 Nd7e5
25.Qc6e4 Be6d5
26.Qe4c2 c3
27.Nd2f1 Ne5xf3
28.Bg2xf3 Qf7xf3
29.Qc2g6 Ne8g7
30.e4 Qf3xf2
31.Kh1 Qf2xe1
32.exd5 Rf8xf1
33.Kh2 Rf1f2

0-1

[Event "Match"]
[Site "www.echecsemail.com"]
[Date "2016.12.23"]
[Round "1"]
[White "Genius3"]
[Black "Babedad"]
[WhiteElo "1650"]
[BlackElo "2210"]
[Result "1/2-1/2"]
[Round "1"]
1.Ng1f3 Ng8f6
2.c4 g6
3.d4 Bf8g7
4.Nb1c3 O-O
5.e4 d6
6.Bf1e2 e5
7.dxe5 dxe5
8.Bc1g5 Qd8xd1
9.Ra1xd1 h6
10.Bg5xf6 Bg7xf6
11.Nc3d5 Bf6d8
12.Nf3xe5 c6
13.Nd5c3 Bd8a5
14.O-O Ba5xc3
15.bxc3 Bc8e6
16.f4 Nb8a6
17.f5 gxf5
18.exf5 Be6c8
19.g4 Na6c5
20.Be2f3 Rf8e8
21.Rf1e1 Kg7
22.h3 Nc5a4
23.Rd1d3 Na4c5
24.Rd3e3 Re8xe5
25.Re3xe5 Nc5d3
26.Re5e3 Nd3xe1
27.Re3xe1 Bc8d7
28.Re1d1 Ra8d8
29.Kf2 f6
30.Rd1d6 Kf7
31.c5 Ke7
32.a3 Bd7e8
33.Rd6xd8 Kxd8
34.Ke3 b6
35.Kd4 { draw }
1/2-1/2

[Event "Fast Game"]
[Site "www.echecsemail.com"]
[Date "2016.12.23"]
[Round "1"]
[White "Pariolinius"]
[Black "Hennie4820"]
[WhiteElo "1599"]
[BlackElo "1720"]
[Result "1-0"]
[Round "1"]
1.d4 Ng8f6
2.Bc1g5 Nf6e4
3.Bg5f4 g6
4.e3 Bf8g7
5.Ng1f3 O-O
6.Bf1d3 d5
7.O-O Nb8d7
8.Nb1a3 c6
9.c4 e6
10.Nf3e5 a6
11.f3 Ne4f6
12.h3 Nf6h5
13.Bf4h2 dxc4
14.Na3xc4 b5
15.Nc4d6 Qd8e7
16.Nd6xc8 Ra8xc8
17.Ra1c1  { time }
1-0

[Event "Fast Game"]
[Site "www.echecsemail.com"]
[Date "2016.12.23"]
[Round "1"]
[White "Beatrics"]
[Black "Grad"]
[WhiteElo "1599"]
[BlackElo "1599"]
[Result "0-1"]
[Round "1"]
1.d4 Ng8f6
2.c4 e6
3.Nb1c3 Bf8b4
4.g3 d5
5.Bf1g2 O-O
6.Ng1f3 Nb8c6
7.O-O Qd8e7
8.a3 Bb4xc3
9.bxc3 Rf8d8
10.Bc1f4 b6
11.Nf3e5 Bc8b7
12.Qd1a4 Nc6xe5
13.dxe5 Nf6e4
14.cxd5 exd5
15.Rf1d1 Ne4xc3
16.Qa4c2 Nc3xd1
{ resign }
0-1

[Event "Tourn. n9068"]
[Site "www.chess-mail.com"]
[Date "2016.12.24"]
[Round "1"]
[White "Attatroll"]
[Black "Falcoale"]
[WhiteElo "1930"]
[BlackElo "1850"]
[Result "0-1"]
[Round "1"]
1.e4 c5
2.b4 e6
3.Bc1b2 cxb4
4.d4 b6
5.a3 Bc8b7
6.f3 Ng8f6
7.Bf1d3 a5
8.Ng1e2 bxa3
9.Nb1xa3 Bf8e7
10.Na3c4 d5
11.exd5 Nf6xd5
12.Qd1d2 O-O
13.Nc4e5 Nd5b4
14.O-O Nb4xd3
15.Qd2xd3 Bb7a6
16.Qd3d2 Be7f6
17.Qd2e3 Ba6b7
18.f4 Qd8d5
19.Qe3f3 Bf6xe5
20.Qf3xd5 Bb7xd5
21.dxe5 a4
22.Bb2a3 Rf8c8
23.Rf1c1 b5
24.Ne2d4 Nb8c6
25.Nd4xb5 Nc6a5
26.Ba3d6 Na5c4
27.Nb5c7 Ra8a5
28.Nc7xd5 exd5
29.Rc1b1 Ra5a6
30.Rb1b5 a3
31.Kf2 Nc4xd6
32.Rb5b3 Nd6c4
33.Rb3c3 d4
34.Rc3d3 a2
35.Rd3xd4 Nc4b2
36.c3 h6
37.Rd4b4 Nb2d3
{ resign }
0-1

[Event "Tourn. n9121"]
[Site "www.chess-mail.com"]
[Date "2016.12.24"]
[Round "1"]
[White "Urbe69"]
[Black "Norlavuaram"]
[WhiteElo "2049"]
[BlackElo "2190"]
[Result "1/2-1/2"]
[Round "1"]
1.Ng1f3 Ng8f6
2.d4 g6
3.g3 Bf8g7
4.Bf1g2 O-O
5.O-O d5
6.c4 c6
7.Qd1b3 Nb8d7
8.cxd5 Nf6xd5
9.Nb1c3 Nd7b6
10.e3 Bc8e6
11.Qb3c2 Qd8d7
12.Nc3xd5 Be6xd5
13.Bc1d2 Nb6c4
14.b3 Nc4xd2
15.Nf3xd2 e5
16.Bg2xd5 cxd5
17.dxe5 Bg7xe5
18.Ra1c1 Ra8c8
19.Qc2d3 Rf8d8
20.Nd2f3 Be5g7
21.Rf1d1 Rc8xc1
22.Rd1xc1 a6
23.Nf3d4 Qd7d6
24.Nd4f3 b5
25.Nf3d4 Bg7xd4
26.Qd3xd4 Qd6a3
27.Rc1c2 Qa3d6
28.Qd4a7 Rd8d7
29.Qa7c5 Kg7
30.Qc5c6 h5
31.h4 d4
32.Qc6xd6 Rd7xd6
33.exd4 Rd6xd4
34.Rc2c6 a5
35.Rc6c5 Rd4b4
36.Kg2 a4
37.bxa4 Rb4xa4
38.Rc5xb5 Ra4xa2
39.Rb5b7 { draw }
1/2-1/2

[Event "Tourn. n9053"]
[Site "www.chess-mail.com"]
[Date "2016.12.24"]
[Round "1"]
[White "Mao"]
[Black "Falcoale"]
[WhiteElo "1880"]
[BlackElo "1880"]
[Result "1-0"]
[Round "1"]
1.e4 c5
2.Ng1f3 e6
3.d4 cxd4
4.Nf3xd4 Nb8c6
5.Nb1c3 a6
6.Bc1e3 Ng8f6
7.f3 Bf8b4
8.a3 Bb4a5
9.Nd4b3 O-O
10.Nb3xa5 Nc6xa5
11.Qd1d6 b5
12.Be3b6 Na5b7
13.Bb6xd8 Nb7xd6
14.Bd8e7 Rf8e8
15.Be7xd6 Bc8b7
16.O-O-O Ra8c8
17.g4 h6
18.h4 Bb7c6
19.Bf1e2 Kh7
20.g5 Nf6g8
21.Rd1g1 Ng8e7
22.Be2d3 Ne7g6
23.h5 Ng6f8
24.e5 Kh8
25.gxh6 gxh6
26.Rg1g3 Nf8h7
27.Nc3e4 Bc6xe4
28.Bd3xe4 Re8g8
29.Rh1g1 Nh7g5
30.Be4b7 Rc8c4
31.Bb7xa6 Rc4f4
32.Ba6xb5 Rf4xf3
33.Rg3xf3 Ng5xf3
34.Rg1xg8 Kxg8
35.a4 Nf3g1
36.a5 Ng1h3
37.a6 { resign }
1-0

[Event "Tourn. n9059"]
[Site "www.chess-mail.com"]
[Date "2016.12.24"]
[Round "1"]
[White "Olddog55"]
[Black "Cernunnoss"]
[WhiteElo "1820"]
[BlackElo "1700"]
[Result "0-1"]
[Round "1"]
1.d4 e5
2.Ng1f3 e4
3.Nf3g5 d5
4.f3 h6
5.Ng5xf7 Kxf7
6.fxe4 Qd8h4
7.g3 Qh4xe4
8.Rh1g1 Ng8f6
9.Bf1g2 Qe4e8
10.Rg1f1 Bf8d6
11.Bg2xd5 Kg6
12.Qd1d3 Kh5
13.Bd5f3 Bc8g4
14.Bf3xg4 Nf6xg4
15.Qd3f5 g5
16.h4 Bd6xg3
17.Kd1 Nb8c6
18.hxg5 Nc6xd4
19.Rf1h1 Bg3h4
20.Qf5f1 hxg5
21.c3 Rh8f8
22.Qf1e1 Ng4f2
{ resign }
0-1

[Event "Tourn. n9068"]
[Site "www.chess-mail.com"]
[Date "2016.12.24"]
[Round "1"]
[White "Falcoale"]
[Black "Julian"]
[WhiteElo "1850"]
[BlackElo "1890"]
[Result "0-1"]
[Round "1"]
1.e4 e5
2.Ng1f3 f5
3.Bf1d3 fxe4
4.Bd3xe4 d5
5.Be4g6 hxg6
6.Nf3xe5 Bf8d6
7.Ne5f3 Nb8c6
8.O-O Bc8g4
9.h3 Bg4xf3
10.Qd1xf3 Ng8f6
11.d3 Qd8d7
12.Rf1e1 Nc6e7
13.Bc1g5 O-O-O
14.Nb1c3 c6
15.Re1e2 Ne7f5
16.Ra1e1 Rd8f8
17.Bg5xf6 gxf6
18.Nc3d1 Nf5d4
19.Qf3g4 f5
20.Qg4xd4 g5
21.Qd4xa7 Bd6b8
22.Qa7c5 Rf8f7
23.Nd1c3 Qd7c7
24.Nc3a4 Qc7h2
{ resign }
0-1

[Event "Tourn. n9064"]
[Site "www.chess-mail.com"]
[Date "2016.12.24"]
[Round "1"]
[White "Julian"]
[Black "Bojan"]
[WhiteElo "1880"]
[BlackElo "1960"]
[Result "1/2-1/2"]
[Round "1"]
1.e4 e5
2.Ng1f3 d6
3.d4 exd4
4.Nf3xd4 a6
5.c4 Bc8d7
6.Nb1c3 Bf8e7
7.Bc1e3 Nb8c6
8.Bf1e2 Nc6e5
9.O-O h6
10.f4 Ne5c6
11.Be2f3 Be7f6
12.Nc3d5 Nc6xd4
13.Be3xd4 Bf6xd4
14.Qd1xd4 f6
15.e5 c6
16.Nd5e3 dxe5
17.fxe5 Qd8e7
18.Bf3h5 Kf8
19.Ra1e1 Ra8d8
20.exf6 Ng8xf6
21.Bh5f3 Qe7f7
22.Qd4d6 Qf7e7
23.Qd6xe7 Kxe7
24.Ne3d5 Kf8
25.Nd5xf6 gxf6
26.Bf3h5 Kg7
27.Re1e7 Kg8
28.Rf1xf6 Rh8h7
29.Re7xh7 Kxh7
30.Kf2 Bd7c8
31.g4 Rd8d7
32.h4 Kg7
33.Rf6g6 Kh7
34.Ke3 c5
35.g5 hxg5
36.hxg5 Rd7d4
37.b3 Bc8d7
38.Rg6h6 Kg7
39.Rh6g6 Kh7
40.Rg6h6 { draw }
1/2-1/2

[Event "Tourn. n9039"]
[Site "www.chess-mail.com"]
[Date "2016.12.24"]
[Round "1"]
[White "Fjpv"]
[Black "Ejner"]
[WhiteElo "2680"]
[BlackElo "2440"]
[Result "0-1"]
[Round "1"]
1.e4 e6
2.d4 d5
3.e5 c5
4.c3 Qd8b6
5.a3 Nb8c6
6.Ng1f3 c4
7.Nb1d2 Nc6a5
8.Bf1e2 Bc8d7
9.O-O Ng8e7
10.Ra1b1 Qb6c7
11.Rf1e1 Ne7c8
12.Nd2f1 Nc8b6
13.Qd1d2 O-O-O
14.Be2d1 Bd7a4
15.Bd1xa4 Nb6xa4
16.Nf1g3 g6
17.Qd2c2 b5
 { time }
0-1

[Event "Tourn. n8994"]
[Site "www.chess-mail.com"]
[Date "2016.12.24"]
[Round "1"]
[White "Falcoale"]
[Black "Mao"]
[WhiteElo "1610"]
[BlackElo "1710"]
[Result "1/2-1/2"]
[Round "1"]
1.e4 c5
2.b3 Nb8c6
3.Bc1b2 d6
4.Ng1f3 Ng8f6
5.d3 g6
6.Nb1d2 Bf8g7
7.Bf1e2 O-O
8.O-O Bc8d7
9.Nd2c4 e6
10.Nc4xd6 Qd8c7
11.Nd6b5 Qc7b6
12.a4 a6
13.Nb5d6 Nc6d4
14.Nd6c4 Nd4xe2
15.Qd1xe2 Qb6c7
16.h3 Bd7c6
17.Bb2a3 Nf6d7
18.Ra1b1 b5
19.axb5 axb5
20.Ba3b2 bxc4
21.bxc4 Ra8b8
22.Bb2xg7 Kxg7
23.Rb1c1 Nd7e5
24.Nf3xe5 Qc7xe5
25.f4 Qe5c3
26.h4 Rb8b2
27.Rf1f2 Rf8b8
28.h5 Bc6a4
29.f5 Rb2b1
30.f6 Kf8
31.Rc1xb1 Rb8xb1
32.Kh2 Rb1b2
33.Qe2e3 Qc3d4
34.Qe3h6 Ke8
35.Rf2f3 Rb2xc2
36.Qh6xh7 Qd4e5
37.Kh3 Qe5xh5
38.Qh7xh5 gxh5
39.Rf3g3 Rc2d2
40.Rg3g8 Kd7
41.Rg8g7 Rd2xd3
42.Kh4 Kd6
43.Rg7xf7 Ba4e8
44.Rf7e7 Be8g6
45.Re7g7 Bg6e8
46.f7 Be8xf7
47.Rg7xf7 Rd3d4
48.Kxh5 Rd4xc4
49.g4 Rc4xe4
50.g5 c4
51.g6 c3
52.g7 c2
53.g8Q c1Q
54.Qg8d8 Ke5
55.Qd8f6 Kd6
56.Qf6d8 Ke5
57.Qd8a5 Kd4
58.Rf7d7 Ke3
59.Qa5b6 Kf3
60.Rd7f7 Re4f4
61.Qb6b3 Qc1e3
62.Qb3d1 Ke4
63.Qd1a4 Kf3
64.Qa4c6 Qe3e4
65.Qc6c3 Qe4e3
66.Qc3c6 Qe3e4
67.Qc6c3 Qe4e3
68.Qc3c6 Qe3e4
69.Qc6c3 Qe4e3
70.Qc3c6 Qe3e4

1/2-1/2

[Event "Tourn. n9048"]
[Site "www.chess-mail.com"]
[Date "2016.12.24"]
[Round "1"]
[White "Falcoale"]
[Black "Attatroll"]
[WhiteElo "1860"]
[BlackElo "1930"]
[Result "0-1"]
[Round "1"]
1.c4 d5
2.cxd5 Qd8xd5
3.Nb1c3 Qd5d8
4.Ng1f3 Ng8f6
5.h3 e6
6.e4 Nb8c6
7.Bf1b5 Bc8d7
8.O-O Bf8c5
9.d4 Nc6xd4
10.Nf3xd4 Bd7xb5
11.Nd4xb5 O-O
12.Bc1g5 Qd8xd1
13.Ra1xd1 c6
14.Bg5xf6 gxf6
15.Rd1d7 cxb5
16.Nc3xb5 Ra8b8
17.a3 a6
18.Nb5d6 Bc5xd6
19.Rd7xd6 Rf8d8
20.Rf1d1 Rd8xd6
21.Rd1xd6 Kf8
22.f4 Ke7
23.Rd6d3 Rb8c8
24.b4 Rc8c2
25.a4 Rc2c4
26.f5 Rc4xe4
27.fxe6 fxe6
28.Rd3c3 Re4xb4
29.Rc3c7 Kd6
30.Rc7xh7 b5
31.axb5 axb5
32.h4 Rb4f4
33.Rh7b7 b4
34.g3 Rf4c4
35.h5 Rc4c5
36.Rb7xb4 Rc5xh5
37.Kg2 Rh5g5
38.g4 f5
39.Kf3 fxg4
40.Rb4xg4 Rg5xg4
41.Kxg4 Kd5
42.Kf4 Kd4
43.Kf3 e5
44.Ke2 Ke4
45.Ke1 Ke3
46.Kf1 Kd2
{ resign }
0-1

[Event "Tourn. n9096"]
[Site "www.chess-mail.com"]
[Date "2016.12.24"]
[Round "1"]
[White "Lachouette"]
[Black "Llcervello"]
[WhiteElo "1670"]
[BlackElo "1650"]
[Result "1-0"]
[Round "1"]
1.d4 d5
2.e3 e6
3.Ng1f3 Ng8f6
4.Nb1c3 Bf8b4
5.Bc1d2 Bb4xc3
6.bxc3 Nf6e4
7.Bf1d3 f5
8.Bd3xe4 dxe4
9.Nf3e5 O-O
10.f4 Qd8h4
11.g3 Qh4h3
12.Qd1e2 b6
13.O-O-O a5
14.Kb1 Bc8a6
15.c4 Rf8d8
16.Ka1 Rd8d5
17.Qe2f2 Rd5d6
18.c5 Rd6d5
19.c4 Ba6xc4
20.Ne5xc4 bxc5
21.Nc4e5 a4
22.dxc5 Rd5xc5
23.Bd2b4 Rc5d5
24.Rd1xd5 Nb8a6
25.Rd5a5 c5
26.Bb4xc5 Qh3h5
27.Qf2c2 Qh5e8
28.Rh1b1 Qe8c8
29.Rb1b5 Na6c7
30.Qc2xa4 Nc7a6
31.Bc5d4 Na6c7
32.Rb5c5 Qc8b7
33.Ra5xa8 Nc7xa8
34.Rc5b5 Qb7c8
35.Qa4a7 g6
36.Rb5b8 { resign }
1-0

[Event "Match"]
[Site "www.echecsemail.com"]
[Date "2016.12.24"]
[Round "1"]
[White "Fangshuo"]
[Black "Whatsamania"]
[WhiteElo "2120"]
[BlackElo "1809"]
[Result "0-1"]
[Round "1"]
1.e4 b6
2.d4 Bc8b7
3.Nb1c3 e6
4.Bf1b5 Bf8b4
5.Bc1d2 Bb4xc3
6.Bd2xc3 Bb7xe4
7.Qd1g4 Be4g6
8.O-O-O Ng8f6
9.Qg4e2 Nf6e4
10.Bc3e1 Qd8g5
11.Kb1 Qg5xg2
12.Qe2f3 Qg2xf3
13.Ng1xf3 a6
14.Bb5d3 Nb8c6
15.c3 d5
16.Nf3e5 Nc6xe5
17.dxe5 Ne4c5
18.Bd3xg6 hxg6
19.f4 Rh8h3
20.Be1g3 O-O-O
21.Kc2 Nc5e4
22.Rd1g1 Rd8h8
23.b4 Ne4xg3
24.hxg3 Rh3xh1
{ resign }
0-1

[Event "Match"]
[Site "www.echecsemail.com"]
[Date "2016.12.24"]
[Round "1"]
[White "Luban"]
[Black "Ditto"]
[WhiteElo "1990"]
[BlackElo "1790"]
[Result "1-0"]
[Round "1"]
1.d4 d5
2.Ng1f3 Bc8g4
3.e3 e6
4.a3 c5
5.c4 cxd4
6.exd4 Ng8f6
7.Bc1e3 Bf8d6
8.Nb1c3 Nb8c6
9.h3 Bg4h5
10.Bf1d3 a6
11.O-O O-O
12.cxd5 exd5
13.Bd3e2 Rf8e8
14.Ra1c1 Bh5g6
15.b4 b5
16.Nc3xd5 Nf6xd5
17.Rc1xc6 Nd5f6
18.Be3g5 Bd6e7
19.Bg5xf6 Be7xf6
20.Nf3e5 Bf6xe5
21.dxe5 Re8xe5
22.Be2f3 Qd8xd1
23.Rf1xd1 h6
24.Rc6xg6 Ra8e8
25.Rg6xa6 Re8b8
26.Rd1d5 Re5e1
27.Kh2 Re1a1
28.Rd5d7 Rb8f8
29.Ra6a7 Ra1a2
30.Bf3d5 Ra2xf2
31.Ra7b7 Rf2a2
32.Rd7xf7 Rf8xf7
33.Bd5xa2 { resign }
1-0

[Event "Match"]
[Site "www.echecsemail.com"]
[Date "2016.12.24"]
[Round "1"]
[White "Vinvangogh"]
[Black "Ericleo1980"]
[WhiteElo "1310"]
[BlackElo "2240"]
[Result "0-1"]
[Round "1"]
1.Nb1c3 d5
2.d4 Ng8f6
3.Bc1g5 e6
4.e3 Nb8d7
5.Ng1h3 c6
6.Bf1d3 Bf8d6
7.e4 dxe4
8.Bd3xe4 Qd8a5
9.O-O O-O
10.Bg5xf6 Nd7xf6
11.a3 e5
12.dxe5 Qa5xe5
13.g3 Nf6xe4
14.Nc3xe4 Qe5xe4
15.Qd1xd6 Bc8xh3
16.f3 Qe4e3
 { time }
0-1

[Event "Match"]
[Site "www.echecsemail.com"]
[Date "2016.12.24"]
[Round "1"]
[White "Jobeye"]
[Black "Liencam2"]
[WhiteElo "2269"]
[BlackElo "2300"]
[Result "0-1"]
[Round "1"]
1.b3 e5
2.Bc1b2 d6
3.e4 Ng8f6
4.Nb1c3 Bf8e7
5.Bf1c4 O-O
6.Ng1f3 Nb8c6
7.d4 Bc8g4
8.Qd1d3 Bg4xf3
9.Qd3xf3 exd4
10.Nc3e2 Nc6e5
11.Qf3h3 Ne5xc4
12.bxc4 c5
13.f3 Nf6d7
14.Ne2f4 Nd7b6
15.Nf4d5 Be7g5
16.Qh3g4 Nb6xd5
17.cxd5 f5
18.exf5 Rf8e8
19.Kf2 Bg5e3
20.Kg3 Qd8f6
21.f4 Re8e4
22.Rh1f1 Ra8f8
23.Ra1e1 Qf6xf5
24.h3 Be3xf4
25.Kf3 Re4e3
26.Kf2 Bf4h2
{ resign }
0-1

[Event "Match"]
[Site "www.echecsemail.com"]
[Date "2016.12.24"]
[Round "1"]
[White "Paaliaq"]
[Black "Nimzo"]
[WhiteElo "2650"]
[BlackElo "2780"]
[Result "1/2-1/2"]
[Round "1"]
1.e4 e5
2.Ng1f3 Nb8c6
3.Bf1b5 Ng8f6
4.O-O Nf6xe4
5.d4 Ne4d6
6.Bb5xc6 dxc6
7.dxe5 Nd6f5
8.Qd1xd8 Kxd8
9.Nb1c3 Bc8d7
10.Rf1d1 Kc8
11.Nf3g5 Bd7e8
12.Ng5e4 b6
13.b3 Bf8e7
14.Bc1b2 Be8d7
15.Rd1d3 Nf5h4
16.a4 a5
17.Ne4g3 Rh8e8
18.Ra1d1 Bd7e6
19.Nc3e2 g5
20.Ne2d4 Be6g4
21.f3 Bg4d7
22.Nd4b5 Be7c5
23.Kh1 { draw }
1/2-1/2

[Event "Match"]
[Site "www.echecsemail.com"]
[Date "2016.12.24"]
[Round "1"]
[White "Yangqi"]
[Black "Jobeye"]
[WhiteElo "2710"]
[BlackElo "2419"]
[Result "1-0"]
[Round "1"]
1.e4 e5
2.Nb1c3 Bf8c5
3.f4 Bc5xg1
4.Rh1xg1 Qd8h4
5.g3 Qh4xh2
6.Rg1g2 Qh2h1
7.Qd1g4 g6
8.fxe5 Nb8c6
9.Qg4f4 Nc6d4
10.Rg2f2 f5
11.exf5 Nd4xc2
12.Kd1 Nc2xa1
13.fxg6 Qh1h5
14.g4 Qh5h6
15.Qf4f7 Kd8
16.d4 hxg6
17.Bc1xh6 Ng8xh6
18.Qf7f6 Ke8
19.Nc3d5 d6
20.Qf6e7 { resign }
1-0

[Event "Eq:La Taverne-Nightwish : "]
[Site "www.chess-mail.com"]
[Date "2016.12.24"]
[Round "1"]
[White "Gilliere"]
[Black "Lucy2w"]
[WhiteElo "2030"]
[BlackElo "1539"]
[Result "1-0"]
[Round "1"]
1.e4 d5
2.exd5 Ng8f6
3.c4 c6
4.dxc6 Nb8xc6
5.Ng1f3 e5
6.d3 e4
7.Qd1e2 Bf8b4
8.Bc1d2 O-O
9.dxe4 Nf6xe4
10.Bd2xb4 Rf8e8
11.Nb1d2 Ne4xf2
12.Kxf2 Qd8b6
13.Ke1 Re8xe2
14.Bf1xe2  { time }
1-0

[Event "Eq:La Taverne-Nightwish : "]
[Site "www.chess-mail.com"]
[Date "2016.12.24"]
[Round "1"]
[White "Lucy2w"]
[Black "Gilliere"]
[WhiteElo "1539"]
[BlackElo "2030"]
[Result "0-1"]
[Round "1"]
1.e4 c5
2.Ng1e2 d6
3.g3 Nb8c6
4.Bf1g2 e5
5.c3 Ng8f6
6.d4 cxd4
7.cxd4 exd4
8.Ne2xd4 Nc6xd4
9.Qd1xd4 Bf8e7
10.Nb1c3 O-O
11.O-O h6
12.Bc1f4 a6
13.Rf1d1 Nf6h5
 { time }
0-1

[Event "Eq:Nightwish-Equipo Juan Diaz : "]
[Site "www.chess-mail.com"]
[Date "2016.12.24"]
[Round "1"]
[White "Yvis92"]
[Black "Ecijaajedrez"]
[WhiteElo "1870"]
[BlackElo "2460"]
[Result "0-1"]
[Round "1"]
1.e4 c5
2.d4 cxd4
3.c3 dxc3
4.Nb1xc3 Nb8c6
5.Ng1f3 d6
6.Bf1c4 e6
7.O-O Ng8f6
8.Qd1e2 Bf8e7
9.Rf1d1 e5
10.h3 O-O
 { time }
0-1